<?xml version="1.0" encoding="UTF-8"?>
<record
    xmlns:xsi="http://www.w3.org/2001/XMLSchema-instance"
    xsi:schemaLocation="http://www.loc.gov/MARC21/slim http://www.loc.gov/standards/marcxml/schema/MARC21slim.xsd"
    xmlns="http://www.loc.gov/MARC21/slim">

  <leader>02575cam a2200313 i 4500</leader>
  <controlfield tag="001">21844986</controlfield>
  <controlfield tag="005">20240709125658.0</controlfield>
  <controlfield tag="008">201215s2021    nyua     b    001 0 eng  </controlfield>
  <datafield tag="010" ind1=" " ind2=" ">
    <subfield code="a">  2020056203</subfield>
  </datafield>
  <datafield tag="020" ind1=" " ind2=" ">
    <subfield code="a">9781648250248</subfield>
  </datafield>
  <datafield tag="040" ind1=" " ind2=" ">
    <subfield code="a">IEN/DLC</subfield>
    <subfield code="b">eng</subfield>
    <subfield code="e">rda</subfield>
    <subfield code="c">DLC</subfield>
    <subfield code="d">DLC</subfield>
  </datafield>
  <datafield tag="042" ind1=" " ind2=" ">
    <subfield code="a">pcc</subfield>
  </datafield>
  <datafield tag="043" ind1=" " ind2=" ">
    <subfield code="a">f------</subfield>
  </datafield>
  <datafield tag="050" ind1="0" ind2="0">
    <subfield code="a">HQ 799.2 .M352A359 2021</subfield>
  </datafield>
  <datafield tag="245" ind1="0" ind2="0">
    <subfield code="a">Youth and popular culture in Africa :</subfield>
    <subfield code="b">media, music, and politics /</subfield>
    <subfield code="c">edited by Paul Ugor.</subfield>
  </datafield>
  <datafield tag="260" ind1=" " ind2=" ">
    <subfield code="a">Rochester, NY:</subfield>
    <subfield code="b">University of Rochester Press, </subfield>
    <subfield code="c">2021</subfield>
  </datafield>
  <datafield tag="300" ind1=" " ind2=" ">
    <subfield code="a">xi, 405 pages :</subfield>
    <subfield code="b">illustrations ;</subfield>
    <subfield code="c">25 cm</subfield>
  </datafield>
  <datafield tag="490" ind1="1" ind2=" ">
    <subfield code="a">Rochester studies in African history and the diaspora,</subfield>
    <subfield code="x">1092-5228 ;</subfield>
    <subfield code="v">92</subfield>
  </datafield>
  <datafield tag="504" ind1=" " ind2=" ">
    <subfield code="a">Includes bibliographical references and index.</subfield>
  </datafield>
  <datafield tag="520" ind1=" " ind2=" ">
    <subfield code="a">"The edited collection focuses on the links between young people and African popular culture. It explores popular culture produced and consumed by young people in contemporary Africa. And by "culture," we mean all kinds of texts or representations-visual, oral, written, performative, fictional, social, and virtual-created by African youth, mostly about their lives and their immediate societies, and for themselves, but also consumed by the larger public, and shared locally and globally. We proceed from the premise that cultural texts not only function as "social facts" as Karin Barber argues, but that they double as "commentaries upon, and interpretations of, social facts. They are part of social reality, but they also take up an attitude to social reality" (2007, 04). So, the work focuses specifically on what African youth produce as popular culture, under what conditions or contexts they produce such work, how they produce those texts, why they produce them, the aesthetic dimensions of these texts as cultural artifacts, and why these textual practices matter as social facts, as interpretive acts, and as cultural symbols of the general cultural activism of young people in a rapidly changing world, a world where the global cultural economy is the prime terrain for the relentless struggles over the meanings that come to shape political-economic and social systems"--</subfield>
  </datafield>
  <datafield tag="650" ind1=" " ind2="0">
    <subfield code="a">Mass media and youth</subfield>
    <subfield code="z">Africa.</subfield>
  </datafield>
  <datafield tag="650" ind1=" " ind2="0">
    <subfield code="a">Youth</subfield>
    <subfield code="z">Africa</subfield>
    <subfield code="x">Social conditions.</subfield>
  </datafield>
  <datafield tag="650" ind1=" " ind2="0">
    <subfield code="a">Popular culture</subfield>
    <subfield code="z">Africa.</subfield>
  </datafield>
  <datafield tag="650" ind1=" " ind2="0">
    <subfield code="a">Arts and youth</subfield>
    <subfield code="z">Africa.</subfield>
  </datafield>
  <datafield tag="700" ind1="1" ind2=" ">
    <subfield code="a">Ugor, Paul,</subfield>
    <subfield code="e">editor.</subfield>
  </datafield>
  <datafield tag="830" ind1=" " ind2="0">
    <subfield code="a">Rochester studies in African history and the diaspora ;</subfield>
    <subfield code="v">92.</subfield>
  </datafield>
  <datafield tag="942" ind1=" " ind2=" ">
    <subfield code="2">lcc</subfield>
    <subfield code="c">BOOKS</subfield>
    <subfield code="h">HQ 799.2 .M352A359 2021</subfield>
  </datafield>
  <datafield tag="999" ind1=" " ind2=" ">
    <subfield code="c">32045</subfield>
    <subfield code="d">32045</subfield>
  </datafield>
  <datafield tag="952" ind1=" " ind2=" ">
    <subfield code="0">0</subfield>
    <subfield code="1">0</subfield>
    <subfield code="2">lcc</subfield>
    <subfield code="4">0</subfield>
    <subfield code="7">0</subfield>
    <subfield code="a">MUC</subfield>
    <subfield code="b">MUC</subfield>
    <subfield code="c">GEN</subfield>
    <subfield code="d">2024-06-14</subfield>
    <subfield code="e">Turaco Books Limited</subfield>
    <subfield code="l">2</subfield>
    <subfield code="o">HQ 799.2 .M352A359 2021</subfield>
    <subfield code="p">39966</subfield>
    <subfield code="r">2026-04-02</subfield>
    <subfield code="s">2026-03-09</subfield>
    <subfield code="v">19440.00</subfield>
    <subfield code="w">2024-07-09</subfield>
    <subfield code="y">BOOKS</subfield>
  </datafield>
  <datafield tag="952" ind1=" " ind2=" ">
    <subfield code="0">0</subfield>
    <subfield code="1">0</subfield>
    <subfield code="2">lcc</subfield>
    <subfield code="4">0</subfield>
    <subfield code="7">0</subfield>
    <subfield code="a">MUC</subfield>
    <subfield code="b">MUC</subfield>
    <subfield code="c">GEN</subfield>
    <subfield code="d">2024-06-14</subfield>
    <subfield code="e">Turaco Books Limited</subfield>
    <subfield code="l">0</subfield>
    <subfield code="o">HQ 799.2 .M352A359 2021</subfield>
    <subfield code="p">39967</subfield>
    <subfield code="r">2024-07-09</subfield>
    <subfield code="v">19440.00</subfield>
    <subfield code="w">2024-07-09</subfield>
    <subfield code="y">BOOKS</subfield>
  </datafield>
  <datafield tag="952" ind1=" " ind2=" ">
    <subfield code="0">0</subfield>
    <subfield code="1">0</subfield>
    <subfield code="2">lcc</subfield>
    <subfield code="4">0</subfield>
    <subfield code="7">0</subfield>
    <subfield code="a">MUC</subfield>
    <subfield code="b">MUC</subfield>
    <subfield code="c">GEN</subfield>
    <subfield code="d">2024-06-14</subfield>
    <subfield code="e">Turaco Books Limited</subfield>
    <subfield code="l">0</subfield>
    <subfield code="o">HQ 799.2 .M352A359 2021</subfield>
    <subfield code="p">39968</subfield>
    <subfield code="r">2024-07-09</subfield>
    <subfield code="v">19440.00</subfield>
    <subfield code="w">2024-07-09</subfield>
    <subfield code="y">BOOKS</subfield>
  </datafield>
</record>
